Medicinal plants: (Record no. 19920)

MARC details
000 -LEADER
fixed length control field 00535nam a22001577a 4500
008 - FIXED-LENGTH DATA ELEMENTS--GENERAL INFORMATION
fixed length control field 230203b |||||||| |||| 00| 0 eng d
020 ## - INTERNATIONAL STANDARD BOOK NUMBER
International Standard Book Number 978-1578087938
050 ## - LIBRARY OF CONGRESS CALL NUMBER
Classification number Rs164
Item number .M43 2012
245 ## - TITLE STATEMENT
Title Medicinal plants:
Remainder of title Biodiversity and drugs/
Statement of responsibility, etc. Edited by Mahendra Rai, Geoffrey A. Cordell, Jose L. Martinez, Mariela Marinoff, Luca Rastrelli
260 ## - PUBLICATION, DISTRIBUTION, ETC. (IMPRINT)
Place of publication, distribution, etc. London:
Name of publisher, distributor, etc. CRC press,
Date of publication, distribution, etc. 2012.
300 ## - PHYSICAL DESCRIPTION
Extent xi, 688p.
650 ## - SUBJECT ADDED ENTRY--TOPICAL TERM
Topical term or geographic name as entry element Materia medica
Form subdivision Vegetable
650 ## - SUBJECT ADDED ENTRY--TOPICAL TERM
Topical term or geographic name as entry element Medicinal plants
650 ## - SUBJECT ADDED ENTRY--TOPICAL TERM
Topical term or geographic name as entry element Traditional medicine
942 ## - ADDED ENTRY ELEMENTS (KOHA)
Source of classification or shelving scheme Library of Congress Classification
Koha item type General Collection
Holdings
Withdrawn status Lost status Source of classification or shelving scheme Not for loan Home library Current library Shelving location Date acquired Cost, normal purchase price Inventory number Total Checkouts Full call number Barcode Date last seen Copy number Price effective from Koha item type
    Library of Congress Classification   Kabarak, Main Campus Kabarak, Main Campus General Stacks 03/02/2023 19666.00 2177/2022   RS164 .M43 2012 C.1 34648 03/02/2023 C.1 03/02/2023 General Collection
    Library of Congress Classification   Kabarak, Main Campus Kabarak, Main Campus General Stacks 06/02/2025 25646.00 2025/2045   RS164 .M43 2012 C.2 33381 06/02/2025 C.2 06/02/2025 General Collection
    Library of Congress Classification   Kabarak, Main Campus Kabarak, Main Campus General Stacks 06/02/2025 25646.00 2025/2046   RS164 .M43 2012 C.3 33382 06/02/2025 C.3 06/02/2025 General Collection
Designed with assistance from East African Informatics Ltd